000
00319nam a22001457a 4500
008
180919b xxu||||| |||| 00| 0 eng d
020
_a
9780136157380
041
_a
eng
080
_a
610.73
082
_a
610.73
100
_a
1
101
_a
INF
245
_a
Medical-Surgical Nursing
_c
Osborn,K.S
942
_2
udc
_c
BK
999
_c
47980
_d
47980